Handbook of youth mentoring (Registro nro. 302459)

Detalles MARC
000 -ENCABEZADO
Número de control [NR] 01719 a2200325 4500
005 - FECHA Y HORA DE LA ÚLTIMA TRANSACCIÓN
control field 20180503114559.0
008 - DE LONGITUD FIJA DE DATOS DE ELEMENTOS - INFORMACIÓN GENERAL
Elementos de longitud fija [NR] 160229s2005 xxu||||fr|||| 000 0 eng d
020 ## - NUMERO INTERNACIONAL NORMALIZADO PARA LIBROS [R]
Número Internacional Normalizado del libro [NR] 9780761929772
040 ## - FUENTE DE CATALOGACION [NR]
Agencia de catalogación original [NR] CO-BoUCM
Idioma de catalogación [NR] spa
Quien Cataloga Saul Niño
Quien Clasifica Saul Niño
041 0# - CODIGO DE IDIOMA [R]
Código de idioma para texto/pista de sonido o título separado [R] Inglés
060 ## - SIGNATURA TOPOGRAFICA DE LA BIBLIOTECA NACIONAL DE MEDICINA (NLM) [R]
Número clasificador [R] HV 1431
245 ## - MENCION DE TITULO [NR]
Título [NR] Handbook of youth mentoring
Mención de responsabilidad, etc. [NR] Edited by David L. DuBois, Michael J. Karcher
260 ## - PUBLICACION, DISTRIBUCION, ETC. (PIE DE IMPRENTA) [R]
Fecha de publicación, distribución, etc. [R] 2005
Nombre del editor, distribuidor, etc. [R] SAGE Publications
Lugar de publicación, distribución, etc. [R] Thousand Oaks (California, Estados Unidos)
300 ## - DESCRIPCION FISICA [R]
Extensión [R] xii, 608 páginas
490 0# - MENCION DE SERIE [R]
Mención de serie [R] the SAGE Program on Applied Developmental Science
520 ## - NOTA DE RESUMEN, ETC. [R]
Nota de sumario, etc. [NR] Youth mentoring is increasingly a part of growing up for children in the US & elsewere. This book offers a synthesis of current theory, research & practice in the field, including guidance on mentoring special groups, such as juvenile offenders, pregnant teens & youth with disabilities. [https://www.worldcat.org/title/handbook-of-youth-mentoring/oclc/432042678&referer=brief_results]
650 #7 - ASIENTO SECUNDARIO DE MATERIA - TERMINO TEMATICO [R]
9 (RLIN) 12152
Término temático o nombre geográfico como elemento de entrada [NR] Criminología
Subdivisión geográfica [R] Estados Unidos
650 #7 - ASIENTO SECUNDARIO DE MATERIA - TERMINO TEMATICO [R]
9 (RLIN) 18211
Término temático o nombre geográfico como elemento de entrada [NR] Juventud
Subdivisión general [R] Aspectos culturales
Subdivisión geográfica [R] Estados Unidos
650 #7 - ASIENTO SECUNDARIO DE MATERIA - TERMINO TEMATICO [R]
9 (RLIN) 8780
Término temático o nombre geográfico como elemento de entrada [NR] Alcohol y juventud
Subdivisión de forma [R] Aspectos sociales
Subdivisión geográfica [R] Estados Unidos
650 #7 - ASIENTO SECUNDARIO DE MATERIA - TERMINO TEMATICO [R]
9 (RLIN) 20889
Término temático o nombre geográfico como elemento de entrada [NR] Orientación psicológica
Subdivisión geográfica [R] Estados Unidos
650 #7 - ASIENTO SECUNDARIO DE MATERIA - TERMINO TEMATICO [R]
9 (RLIN) 25606
Término temático o nombre geográfico como elemento de entrada [NR] Trabajo social con jóvenes
Subdivisión general [R] Aspectos psicológicos
650 #7 - ASIENTO SECUNDARIO DE MATERIA - TERMINO TEMATICO [R]
9 (RLIN) 21633
Término temático o nombre geográfico como elemento de entrada [NR] Planes y programas de desarrollo
Subdivisión general [R] Aspectos psicológicos
650 #7 - ASIENTO SECUNDARIO DE MATERIA - TERMINO TEMATICO [R]
9 (RLIN) 22011
Término temático o nombre geográfico como elemento de entrada [NR] Política pública
Subdivisión general [R] Aspectos piscologícos
650 #7 - ASIENTO SECUNDARIO DE MATERIA - TERMINO TEMATICO [R]
9 (RLIN) 18009
Término temático o nombre geográfico como elemento de entrada [NR] Investigación social
690 #0 - ASUNTO AGREGADO LOCAL DE ENTRADA - TÉRMINO TEMÁTICO (OCLC, RLIN)
Acceso temático local Psicología
9 (RLIN) 8001
700 1# - ASIENTO SECUNDARIO - NOMBRE PERSONAL [R]
Nombre personal [NR] DuBois, David L.
Término de relación [R] editor
9 (RLIN) 75908
700 1# - ASIENTO SECUNDARIO - NOMBRE PERSONAL [R]
Nombre personal [NR] Karcher, Michael J.
Término de relación [R] editor
9 (RLIN) 75909
942 ## - ELEMENTOS DE ENTRADA AGREGADOS (KOHA)
Sistema de clasificación DEWEY
Tipo de ítem principal el descrito en 300a Libro de reserva
Tema principal Psicología
Edición 1
Clasificación 362.7
Parte restante de la signatura top. H236h
Título oculto en OPAC No
Existencias
Fecha de último préstamo Total préstamos Signatura topográfica Código de barras Última vez visto Ejemplar Costo de reposición Price effective from Tipo de ítem Perdido Sistema de clasificación Dañado No prestable Tipo de ítem específico Suprimido Ubicación habitual Ubicación actual Localización Fecha de creación Proveedor Forma de adquisición Costo
01/03/2016 1 362.7 H236h 200028945 13/04/2026 Ej.1 267282.00 16/02/2016 Libro   DEWEY     Libro   Quinta de Mutis Quinta de Mutis Mezanecs 16/02/2016 37 Compra 267282.00